005310000a22001450004500090001700000245010000017041001400117700003200131700002600163700003400189100002600223942001300249773010600262999001700368 aASbSeriadas10aEstudio bioecológico de la ictiofauna del enfasis en la trucha arco iris, Oncorhynchus mykiss0 aEspañol1 aTéllez, Luz Stella9991501 aCala, Plutarco9990851 aGuillot Monroy, Gabriel936691 aMora, Gilberto999151 cARTICULO1 tRevista de la Academia Colombiana de Ciencias Exactas, Fisicas y Naturales332h70q409-422d1992g18 c14216d14216